[Event "45th FIDE Chess Olympiad Open"]
[Site "Budapest, Hungary"]
[Date "2024.09.21"]
[Round "10"]
[White "Ben Ammar, Mohamed"]
[Black "Mulenga, Prince Daniel"]
[Result "1-0"]
[Board "178"]
[WhiteFideId "5502012"]
[BlackFideId "8701776"]
[WhiteTitle "CM"]
[BlackTitle "FM"]
[WhiteElo "2143"]
[BlackElo "2184"]
[WhiteTeam "Tunisia"]
[BlackTeam "Zambia"]
[WhiteClock "0:06:41"]
[BlackClock "0:28:10"]
[Variant "Standard"]

1. d4 {[%clk 1:30:54]}  Nf6 {[%clk 1:30:12]} 2. Nf3 {[%clk 1:31:19]}  g6 {[%clk 1:30:19]} 3. c4 {[%clk 1:31:39]}  c5 {[%clk 1:30:32]} 4. d5 {[%clk 1:31:57]}  b5 {[%clk 1:30:59]} 5. cxb5 {[%clk 1:31:46]}  a6 {[%clk 1:31:11]} 6. b6 {[%clk 1:31:53]}  d6 {[%clk 1:31:30]} 7. Nc3 {[%clk 1:31:59]}  Nbd7 {[%clk 1:31:09]} 8. a4 {[%clk 1:21:56]}  Qxb6 {[%clk 1:25:59]} 9. e4 {[%clk 1:21:54]}  Bg7 {[%clk 1:26:26]} 10. Be2 {[%clk 1:13:59]}  O-O {[%clk 1:26:28]} 11. a5 {[%clk 1:08:06]}  Qb8 {[%clk 1:20:23]} 12. Nd2 {[%clk 0:55:46]}  Ne8 {[%clk 1:15:47]} 13. Nc4 {[%clk 0:55:24]}  Nc7 {[%clk 1:15:46]} 14. O-O {[%clk 0:53:32]}  Nb5 {[%clk 1:06:47]} 15. Na4 {[%clk 0:53:11]}  Nd4 {[%clk 1:04:08]} 16. Nab6 {[%clk 0:53:14]}  Nxb6 {[%clk 1:03:09]} 17. Nxb6 {[%clk 0:53:20]}  Ra7 {[%clk 1:03:36]} 18. Bd3 {[%clk 0:43:57]}  Bd7 {[%clk 1:01:31]} 19. Bxa6 {[%clk 0:37:29]}  Be8 {[%clk 0:55:44]} 20. Bd3 {[%clk 0:31:32]}  f5 {[%clk 0:54:31]} 21. exf5 {[%clk 0:29:27]}  gxf5 {[%clk 0:54:59]} 22. Bf4 {[%clk 0:28:09]}  Bf7 {[%clk 0:52:31]} 23. Bc4 {[%clk 0:24:49]}  Kh8 {[%clk 0:51:16]} 24. Re1 {[%clk 0:23:05]}  Bf6 {[%clk 0:48:51]} 25. Re3 {[%clk 0:17:24]}  Rg8 {[%clk 0:49:20]} 26. h3 {[%clk 0:16:48]}  Be5 {[%clk 0:43:18]} 27. Bxe5+ {[%clk 0:11:07]}  dxe5 {[%clk 0:43:45]} 28. Rg3 {[%clk 0:10:57]}  f4 {[%clk 0:42:31]} 29. Rxg8+ {[%clk 0:11:13]}  Qxg8 {[%clk 0:42:57]} 30. Qg4 {[%clk 0:10:22]}  Bg6 {[%clk 0:38:24]} 31. d6 {[%clk 0:10:03]}  e6 {[%clk 0:38:53]} 32. Qg5 {[%clk 0:08:37]}  Rg7 {[%clk 0:39:22]} 33. Qf6 {[%clk 0:07:45]}  h6 {[%clk 0:33:30]} 34. d7 {[%clk 0:07:25]}  Kh7 {[%clk 0:33:16]} 35. d8=Q {[%clk 0:07:03]}  Qxd8 {[%clk 0:31:08]} 36. Qxd8 {[%clk 0:07:26]}  Be4 {[%clk 0:31:37]} 37. Bf1 {[%clk 0:07:13]}  Bxg2 {[%clk 0:32:04]} 38. Bxg2 {[%clk 0:07:29]}  f3 {[%clk 0:32:33]} 39. Qd7 {[%clk 0:06:41]}  fxg2 {[%clk 0:28:10]} 40. Qxg7+ {[%clk 0:06:41]} 1-0

[Event "45th FIDE Chess Olympiad Open"]
[Site "Budapest, Hungary"]
[Date "2024.09.21"]
[Round "10"]
[White "Kaoma, Micheal"]
[Black "Meftahi, Houssem"]
[Result "0-1"]
[Board "179"]
[WhiteFideId "8701431"]
[BlackFideId "5501660"]
[BlackTitle "IM"]
[WhiteElo "2161"]
[BlackElo "2112"]
[WhiteTeam "Zambia"]
[BlackTeam "Tunisia"]
[WhiteClock "0:21:39"]
[BlackClock "1:11:07"]
[Variant "Standard"]

1. d4 {[%clk 1:30:57]}  d5 {[%clk 1:30:33]} 2. c4 {[%clk 1:31:23]}  e6 {[%clk 1:30:59]} 3. Nc3 {[%clk 1:31:50]}  Nf6 {[%clk 1:30:47]} 4. Nf3 {[%clk 1:32:13]}  Be7 {[%clk 1:30:08]} 5. Qd3 {[%clk 1:30:39]}  O-O {[%clk 1:30:19]} 6. e4 {[%clk 1:30:21]}  Nxe4 {[%clk 1:30:32]} 7. Nxe4 {[%clk 1:30:44]}  dxe4 {[%clk 1:31:00]} 8. Qxe4 {[%clk 1:30:59]}  c5 {[%clk 1:31:22]} 9. dxc5 {[%clk 1:28:23]}  Nc6 {[%clk 1:28:59]} 10. a3 {[%clk 1:22:17]}  f5 {[%clk 1:28:46]} 11. Qe3 {[%clk 1:17:46]}  e5 {[%clk 1:24:47]} 12. Nxe5 {[%clk 0:56:18]}  f4 {[%clk 1:21:00]} 13. Qe2 {[%clk 0:36:38]}  Nd4 {[%clk 1:17:05]} 14. Qd1 {[%clk 0:36:29]}  Bg5 {[%clk 1:17:29]} 15. g3 {[%clk 0:33:06]}  Bf5 {[%clk 1:11:55]} 16. Bd3 {[%clk 0:30:59]}  Qe7 {[%clk 1:12:03]} 17. gxf4 {[%clk 0:27:17]}  Bxf4 {[%clk 1:12:28]} 18. Bxf4 {[%clk 0:26:55]}  Bxd3 {[%clk 1:12:54]} 19. Qxd3 {[%clk 0:26:39]}  Rxf4 {[%clk 1:13:19]} 20. O-O-O {[%clk 0:26:14]}  Qxe5 {[%clk 1:13:44]} 21. Qe3 {[%clk 0:23:11]}  Qxc5 {[%clk 1:13:22]} 22. Kb1 {[%clk 0:23:15]}  Qf5+ {[%clk 1:13:31]} 23. Ka2 {[%clk 0:23:21]}  Nc6 {[%clk 1:13:58]} 24. Rd5 {[%clk 0:23:07]}  Qe4 {[%clk 1:13:42]} 25. Qxe4 {[%clk 0:22:33]}  Rxe4 {[%clk 1:14:11]} 26. c5 {[%clk 0:22:33]}  Rf8 {[%clk 1:11:49]} 27. Rd7 {[%clk 0:22:35]}  Rf7 {[%clk 1:12:06]} 28. Rhd1 {[%clk 0:22:46]}  Rxd7 {[%clk 1:12:23]} 29. Rxd7 {[%clk 0:23:09]}  Re7 {[%clk 1:12:52]} 30. Rd6 {[%clk 0:23:10]}  Rf7 {[%clk 1:12:56]} 31. b4 {[%clk 0:23:11]}  Rxf2+ {[%clk 1:13:06]} 32. Kb3 {[%clk 0:23:35]}  a6 {[%clk 1:13:30]} 33. Rd7 {[%clk 0:23:32]}  Rf7 {[%clk 1:12:01]} 34. Rd3 {[%clk 0:23:59]}  Kf8 {[%clk 1:10:57]} 35. Kc3 {[%clk 0:24:05]}  Rf4 {[%clk 1:10:30]} 36. Rd7 {[%clk 0:23:44]}  Rf3+ {[%clk 1:10:59]} 37. Kb2 {[%clk 0:23:46]}  Rf7 {[%clk 1:11:28]} 38. Rd3 {[%clk 0:24:00]}  Ke7 {[%clk 1:11:20]} 39. Kc3 {[%clk 0:24:03]}  Ne5 {[%clk 1:11:30]} 40. Rd5 {[%clk 0:21:19]}  Rf3+ {[%clk 1:10:46]} 41. Kc2 {[%clk 0:21:39]}  Nc4 {[%clk 1:11:07]} 0-1

[Event "45th FIDE Chess Olympiad Open"]
[Site "Budapest, Hungary"]
[Date "2024.09.21"]
[Round "10"]
[White "Amdouni, Zoubaier"]
[Black "Hapaku, Charles"]
[Result "1/2-1/2"]
[Board "180"]
[WhiteFideId "5500419"]
[BlackFideId "8704244"]
[WhiteTitle "FM"]
[BlackTitle "CM"]
[WhiteElo "2151"]
[BlackElo "2102"]
[WhiteTeam "Tunisia"]
[BlackTeam "Zambia"]
[WhiteClock "0:13:59"]
[BlackClock "0:44:27"]
[Variant "Standard"]

1. e4 {[%clk 1:30:57]}  c5 {[%clk 1:30:53]} 2. Nc3 {[%clk 1:30:55]}  e6 {[%clk 1:31:05]} 3. f4 {[%clk 1:31:01]}  d5 {[%clk 1:31:19]} 4. Nf3 {[%clk 1:31:17]}  Nc6 {[%clk 1:31:04]} 5. Bb5 {[%clk 1:31:26]}  Nf6 {[%clk 1:25:46]} 6. Qe2 {[%clk 1:28:32]}  dxe4 {[%clk 1:20:35]} 7. Ne5 {[%clk 1:24:54]}  Bd7 {[%clk 1:19:10]} 8. Bxc6 {[%clk 1:20:23]}  Bxc6 {[%clk 1:19:05]} 9. Nxc6 {[%clk 1:20:31]}  bxc6 {[%clk 1:19:27]} 10. Nxe4 {[%clk 1:09:40]}  Nxe4 {[%clk 1:18:34]} 11. Qxe4 {[%clk 1:10:09]}  Qd5 {[%clk 1:18:51]} 12. d3 {[%clk 1:03:39]}  Be7 {[%clk 1:05:46]} 13. c4 {[%clk 0:45:54]}  Qxe4+ {[%clk 1:05:21]} 14. dxe4 {[%clk 0:46:22]}  O-O-O {[%clk 1:05:01]} 15. Be3 {[%clk 0:46:21]}  Rd3 {[%clk 1:04:59]} 16. Ke2 {[%clk 0:46:43]}  Rhd8 {[%clk 1:05:20]} 17. Rhd1 {[%clk 0:46:43]}  Rxd1 {[%clk 1:05:36]} 18. Rxd1 {[%clk 0:47:11]}  Rxd1 {[%clk 1:05:57]} 19. Kxd1 {[%clk 0:47:40]}  Kb7 {[%clk 1:05:56]} 20. Kc2 {[%clk 0:45:43]}  Kc7 {[%clk 1:06:06]} 21. e5 {[%clk 0:42:48]}  h5 {[%clk 1:04:33]} 22. g3 {[%clk 0:42:39]}  g6 {[%clk 1:04:52]} 23. h3 {[%clk 0:42:34]}  Kd7 {[%clk 1:05:04]} 24. g4 {[%clk 0:42:31]}  Kc7 {[%clk 1:04:15]} 25. gxh5 {[%clk 0:41:56]}  gxh5 {[%clk 1:04:43]} 26. Kd3 {[%clk 0:42:09]}  a6 {[%clk 1:04:14]} 27. b3 {[%clk 0:41:43]}  Kb6 {[%clk 0:49:13]} 28. b4 {[%clk 0:25:10]}  a5 {[%clk 0:49:09]} 29. Bxc5+ {[%clk 0:25:31]}  Bxc5 {[%clk 0:48:41]} 30. bxc5+ {[%clk 0:26:00]}  Kxc5 {[%clk 0:45:27]} 31. Kc3 {[%clk 0:26:26]}  a4 {[%clk 0:43:18]} 32. a3 {[%clk 0:25:59]}  h4 {[%clk 0:43:11]} 33. Kd3 {[%clk 0:26:25]}  Kb6 {[%clk 0:43:13]} 34. Kd4 {[%clk 0:26:54]}  Kb7 {[%clk 0:43:00]} 35. Kc5 {[%clk 0:27:07]}  Kc7 {[%clk 0:43:16]} 36. Kb4 {[%clk 0:27:12]}  Kb6 {[%clk 0:43:33]} 37. Kc3 {[%clk 0:15:02]}  Kc5 {[%clk 0:43:40]} 38. Kd3 {[%clk 0:15:27]}  Kb6 {[%clk 0:44:01]} 39. Kd4 {[%clk 0:15:44]}  Kb7 {[%clk 0:44:13]} 40. Ke4 {[%clk 0:15:26]}  Kb6 {[%clk 0:44:27]} 41. Kd4 {[%clk 0:13:59]} 1/2-1/2

[Event "45th FIDE Chess Olympiad Open"]
[Site "Budapest, Hungary"]
[Date "2024.09.21"]
[Round "10"]
[White "Santos Flores, Alberto"]
[Black "Ortega Amarelle, Mariano"]
[Result "1/2-1/2"]
[Board "181"]
[WhiteFideId "3601234"]
[BlackFideId "3504301"]
[WhiteTitle "IM"]
[BlackTitle "IM"]
[WhiteElo "2168"]
[BlackElo "2453"]
[WhiteTeam "Ecuador"]
[BlackTeam "Cape Verde"]
[WhiteClock "0:00:45"]
[BlackClock "0:01:44"]
[Variant "Standard"]

1. d4 {[%clk 1:30:56]}  Nf6 {[%clk 1:30:48]} 2. c4 {[%clk 1:31:20]}  e6 {[%clk 1:31:08]} 3. Nf3 {[%clk 1:31:45]}  d5 {[%clk 1:31:04]} 4. Nc3 {[%clk 1:32:09]}  Bb4 {[%clk 1:28:54]} 5. cxd5 {[%clk 1:31:08]}  exd5 {[%clk 1:29:17]} 6. Bg5 {[%clk 1:31:33]}  O-O {[%clk 1:22:21]} 7. e3 {[%clk 1:30:52]}  Bf5 {[%clk 1:22:08]} 8. Qb3 {[%clk 1:22:28]}  Bxc3+ {[%clk 1:21:58]} 9. bxc3 {[%clk 1:19:15]}  Nbd7 {[%clk 1:22:20]} 10. Be2 {[%clk 1:16:37]}  c5 {[%clk 1:18:56]} 11. O-O {[%clk 1:14:44]}  c4 {[%clk 1:19:18]} 12. Qxb7 {[%clk 1:04:07]}  Qa5 {[%clk 1:19:38]} 13. Qb4 {[%clk 1:02:52]}  Qxb4 {[%clk 1:02:23]} 14. cxb4 {[%clk 1:03:20]}  Ne4 {[%clk 1:02:39]} 15. Bf4 {[%clk 0:50:06]}  a5 {[%clk 0:55:02]} 16. b5 {[%clk 0:46:45]}  Nc3 {[%clk 0:32:53]} 17. Rfe1 {[%clk 0:46:47]}  a4 {[%clk 0:26:11]} 18. Ne5 {[%clk 0:44:41]}  Nxe5 {[%clk 0:19:10]} 19. Bxe5 {[%clk 0:45:06]}  Nxb5 {[%clk 0:17:00]} 20. Rac1 {[%clk 0:31:52]}  f6 {[%clk 0:09:47]} 21. Bg3 {[%clk 0:30:14]}  Rfc8 {[%clk 0:09:47]} 22. f3 {[%clk 0:26:01]}  Bd3 {[%clk 0:08:52]} 23. Kf2 {[%clk 0:25:47]}  f5 {[%clk 0:06:57]} 24. Red1 {[%clk 0:25:16]}  Bxe2 {[%clk 0:07:09]} 25. Kxe2 {[%clk 0:25:44]}  Ra6 {[%clk 0:07:26]} 26. e4 {[%clk 0:21:21]}  fxe4 {[%clk 0:01:32]} 27. fxe4 {[%clk 0:21:49]}  Re6 {[%clk 0:01:36]} 28. Be5 {[%clk 0:16:02]}  Rxe5 {[%clk 0:01:00]} 29. dxe5 {[%clk 0:16:31]}  d4 {[%clk 0:01:24]} 30. e6 {[%clk 0:13:01]}  Kf8 {[%clk 0:01:07]} 31. Rf1+ {[%clk 0:12:47]}  Ke7 {[%clk 0:01:33]} 32. Rf7+ {[%clk 0:11:47]}  Kxe6 {[%clk 0:02:01]} 33. Rxg7 {[%clk 0:12:13]}  Nd6 {[%clk 0:01:00]} 34. Ra7 {[%clk 0:06:46]}  Rg8 {[%clk 0:00:40]} 35. g3 {[%clk 0:06:18]}  Rb8 {[%clk 0:01:01]} 36. Rxa4 {[%clk 0:06:16]}  Rb2+ {[%clk 0:01:14]} 37. Kf3 {[%clk 0:06:26]}  d3 {[%clk 0:00:36]} 38. Rcxc4 {[%clk 0:05:30]}  Nxc4 {[%clk 0:00:40]} 39. Rxc4 {[%clk 0:05:58]}  Rxh2 {[%clk 0:00:43]} 40. Rd4 {[%clk 0:01:58]}  Rxa2 {[%clk 0:00:46]} 41. Rxd3 {[%clk 0:02:26]}  h5 {[%clk 0:26:16]} 42. Rb3 {[%clk 0:27:30]}  Rh2 {[%clk 0:25:45]} 43. Rb6+ {[%clk 0:27:41]}  Ke5 {[%clk 0:25:39]} 44. Rb5+ {[%clk 0:28:08]}  Ke6 {[%clk 0:20:29]} 45. Rf5 {[%clk 0:21:04]}  h4 {[%clk 0:08:20]} 46. g4 {[%clk 0:20:31]}  Rh1 {[%clk 0:07:40]} 47. Rh5 {[%clk 0:20:31]}  Kf6 {[%clk 0:07:28]} 48. e5+ {[%clk 0:15:58]}  Kg6 {[%clk 0:01:04]} 49. Kf4 {[%clk 0:14:28]}  Rf1+ {[%clk 0:00:41]} 50. Ke4 {[%clk 0:14:45]}  Rh1 {[%clk 0:00:50]} 51. Kf3 {[%clk 0:07:36]}  Re1 {[%clk 0:00:39]} 52. Kf4 {[%clk 0:06:09]}  Rf1+ {[%clk 0:01:05]} 53. Ke3 {[%clk 0:06:37]}  Re1+ {[%clk 0:01:08]} 54. Kd4 {[%clk 0:06:03]}  Rh1 {[%clk 0:01:05]} 55. e6 {[%clk 0:05:06]}  Kf6 {[%clk 0:00:41]} 56. Rh6+ {[%clk 0:04:21]}  Kg5 {[%clk 0:00:53]} 57. Rh5+ {[%clk 0:01:48]}  Kf6 {[%clk 0:01:18]} 58. Rh6+ {[%clk 0:00:45]}  Kg5 {[%clk 0:01:44]} 59. Rh5+ {[%clk 0:00:45]} 1/2-1/2

[Event "45th FIDE Chess Olympiad Open"]
[Site "Budapest, Hungary"]
[Date "2024.09.21"]
[Round "10"]
[White "Alho, Diogo"]
[Black "Noboa Silva, Kevin"]
[Result "0-1"]
[Board "182"]
[WhiteFideId "1901559"]
[BlackFideId "3618471"]
[WhiteTitle "FM"]
[BlackTitle "FM"]
[WhiteElo "2192"]
[BlackElo "2270"]
[WhiteTeam "Cape Verde"]
[BlackTeam "Ecuador"]
[WhiteClock "0:00:33"]
[BlackClock "0:03:17"]
[Variant "Standard"]

1. d4 {[%clk 1:30:57]}  d5 {[%clk 1:30:35]} 2. c4 {[%clk 1:31:10]}  e6 {[%clk 1:30:58]} 3. Nc3 {[%clk 1:31:25]}  Nf6 {[%clk 1:31:18]} 4. Nf3 {[%clk 1:30:43]}  c5 {[%clk 1:30:43]} 5. cxd5 {[%clk 1:30:58]}  Nxd5 {[%clk 1:30:59]} 6. e3 {[%clk 1:31:15]}  Be7 {[%clk 1:28:23]} 7. Bd3 {[%clk 1:31:04]}  O-O {[%clk 1:27:38]} 8. O-O {[%clk 1:31:00]}  Nc6 {[%clk 1:24:07]} 9. a3 {[%clk 1:28:16]}  cxd4 {[%clk 1:22:38]} 10. exd4 {[%clk 1:25:13]}  Nxc3 {[%clk 1:22:20]} 11. bxc3 {[%clk 1:25:34]}  Bf6 {[%clk 1:20:51]} 12. Qe2 {[%clk 1:24:11]}  Bd7 {[%clk 1:19:40]} 13. h4 {[%clk 1:14:37]}  Ne7 {[%clk 1:12:21]} 14. Ne5 {[%clk 0:59:41]}  Bxe5 {[%clk 1:05:07]} 15. Qxe5 {[%clk 0:58:39]}  Bc6 {[%clk 1:05:28]} 16. Qg3 {[%clk 0:53:01]}  Qd5 {[%clk 0:59:14]} 17. Re1 {[%clk 0:46:06]}  f6 {[%clk 0:46:06]} 18. Bb1 {[%clk 0:31:08]}  Bb5 {[%clk 0:33:21]} 19. Be4 {[%clk 0:22:47]}  Qd7 {[%clk 0:32:45]} 20. Rb1 {[%clk 0:22:48]}  Bc6 {[%clk 0:31:30]} 21. Bc2 {[%clk 0:22:52]}  Bd5 {[%clk 0:24:11]} 22. Qd3 {[%clk 0:20:32]}  f5 {[%clk 0:24:20]} 23. c4 {[%clk 0:20:07]}  Bc6 {[%clk 0:16:00]} 24. Qe3 {[%clk 0:19:44]}  Rf7 {[%clk 0:11:21]} 25. Bb2 {[%clk 0:15:44]}  b5 {[%clk 0:10:39]} 26. cxb5 {[%clk 0:12:23]}  Bd5 {[%clk 0:10:57]} 27. a4 {[%clk 0:11:46]}  Rc8 {[%clk 0:09:49]} 28. Bb3 {[%clk 0:11:24]}  f4 {[%clk 0:09:29]} 29. Qd3 {[%clk 0:10:50]}  f3 {[%clk 0:08:44]} 30. Re5 {[%clk 0:04:53]}  Ng6 {[%clk 0:08:30]} 31. Rh5 {[%clk 0:03:54]}  Bxb3 {[%clk 0:08:10]} 32. Qxb3 {[%clk 0:04:12]}  Nf4 {[%clk 0:08:01]} 33. Re5 {[%clk 0:00:58]}  fxg2 {[%clk 0:08:18]} 34. Bc1 {[%clk 0:00:34]}  Qxd4 {[%clk 0:05:22]} 35. Bxf4 {[%clk 0:00:44]}  Qxf4 {[%clk 0:05:51]} 36. Qg3 {[%clk 0:00:36]}  Rc2 {[%clk 0:03:04]} 37. Qxf4 {[%clk 0:00:35]}  Rxf4 {[%clk 0:03:33]} 38. Rxe6 {[%clk 0:00:51]}  Rcxf2 {[%clk 0:03:18]} 39. Rb3 {[%clk 0:00:33]}  Ra2 {[%clk 0:03:17]} 0-1

[Event "45th FIDE Chess Olympiad Open"]
[Site "Budapest, Hungary"]
[Date "2024.09.21"]
[Round "10"]
[White "Garzon Zapatanga,Christopher Leonel"]
[Black "Vaz, Jose Carlos"]
[Result "1-0"]
[Board "183"]
[WhiteFideId "3634787"]
[BlackFideId "23601710"]
[WhiteElo "2216"]
[BlackElo "1909"]
[WhiteTeam "Ecuador"]
[BlackTeam "Cape Verde"]
[WhiteClock "0:59:28"]
[BlackClock "1:15:05"]
[Variant "Standard"]

1. e4 {[%clk 1:30:26]}  e6 {[%clk 1:30:16]} 2. d4 {[%clk 1:30:31]}  d5 {[%clk 1:30:31]} 3. e5 {[%clk 1:30:56]}  c5 {[%clk 1:30:33]} 4. c3 {[%clk 1:31:20]}  Nc6 {[%clk 1:30:35]} 5. Nf3 {[%clk 1:31:38]}  Bd7 {[%clk 1:30:24]} 6. Bd3 {[%clk 1:30:43]}  f6 {[%clk 1:28:40]} 7. O-O {[%clk 1:19:20]}  Qc7 {[%clk 1:28:54]} 8. Bf4 {[%clk 1:18:04]}  O-O-O {[%clk 1:25:59]} 9. Nbd2 {[%clk 1:11:27]}  c4 {[%clk 1:24:01]} 10. Bc2 {[%clk 1:11:08]}  Be8 {[%clk 1:20:51]} 11. b3 {[%clk 1:08:10]}  cxb3 {[%clk 1:19:46]} 12. axb3 {[%clk 1:08:18]}  Bh5 {[%clk 1:20:00]} 13. Qb1 {[%clk 1:05:48]}  fxe5 {[%clk 1:19:42]} 14. Nxe5 {[%clk 1:05:38]}  Nxe5 {[%clk 1:19:01]} 15. Bxe5 {[%clk 1:05:57]}  Bd6 {[%clk 1:19:11]} 16. Bxd6 {[%clk 1:02:58]}  Qxd6 {[%clk 1:18:37]} 17. Rxa7 {[%clk 1:02:56]}  Kc7 {[%clk 1:18:43]} 18. c4 {[%clk 1:02:02]}  Qb4 {[%clk 1:18:05]} 19. Qc1 {[%clk 1:00:58]}  Ne7 {[%clk 1:16:18]} 20. cxd5 {[%clk 1:00:41]}  Kb8 {[%clk 1:16:34]} 21. Ra4 {[%clk 1:00:56]}  Qb5 {[%clk 1:16:05]} 22. dxe6 {[%clk 0:59:16]}  Rc8 {[%clk 1:16:13]} 23. Nc4 {[%clk 0:59:14]}  Rcf8 {[%clk 1:15:05]} 24. Qa3 {[%clk 0:59:28]} 1-0

[Event "45th FIDE Chess Olympiad Open"]
[Site "Budapest, Hungary"]
[Date "2024.09.21"]
[Round "10"]
[White "Barros, Luis"]
[Black "Munoz Sanchez, Miguel"]
[Result "0-1"]
[Board "184"]
[WhiteFideId "23600110"]
[BlackFideId "3600734"]
[BlackTitle "IM"]
[WhiteElo "1814"]
[BlackElo "2181"]
[WhiteTeam "Cape Verde"]
[BlackTeam "Ecuador"]
[WhiteClock "0:00:37"]
[BlackClock "0:03:09"]
[Variant "Standard"]

1. e4 {[%clk 1:30:53]}  c5 {[%clk 1:30:54]} 2. Nf3 {[%clk 1:30:53]}  e6 {[%clk 1:31:19]} 3. c4 {[%clk 1:29:55]}  Nc6 {[%clk 1:31:38]} 4. Nc3 {[%clk 1:28:10]}  a6 {[%clk 1:30:48]} 5. Be2 {[%clk 1:27:58]}  g6 {[%clk 1:31:07]} 6. d4 {[%clk 1:27:27]}  cxd4 {[%clk 1:31:22]} 7. Nxd4 {[%clk 1:27:37]}  Bg7 {[%clk 1:31:22]} 8. Be3 {[%clk 1:27:21]}  Nge7 {[%clk 1:31:41]} 9. Qd2 {[%clk 1:25:51]}  O-O {[%clk 1:30:52]} 10. O-O {[%clk 1:25:52]}  f5 {[%clk 1:29:26]} 11. Nxc6 {[%clk 1:23:20]}  Nxc6 {[%clk 1:29:27]} 12. exf5 {[%clk 1:21:58]}  gxf5 {[%clk 1:29:03]} 13. Bc5 {[%clk 1:18:16]}  Rf6 {[%clk 1:27:46]} 14. f4 {[%clk 1:11:13]}  b6 {[%clk 1:21:08]} 15. Bf2 {[%clk 1:09:38]}  Qc7 {[%clk 1:12:25]} 16. Na4 {[%clk 1:05:35]}  Rb8 {[%clk 1:12:35]} 17. Rad1 {[%clk 1:03:44]}  b5 {[%clk 1:06:42]} 18. cxb5 {[%clk 1:03:29]}  axb5 {[%clk 1:07:07]} 19. Nc5 {[%clk 1:03:41]}  d5 {[%clk 1:03:33]} 20. Rfe1 {[%clk 1:02:29]}  Bh6 {[%clk 0:56:22]} 21. g3 {[%clk 0:59:29]}  Rg6 {[%clk 0:53:00]} 22. Kh1 {[%clk 0:59:10]}  Bf8 {[%clk 0:53:05]} 23. Rc1 {[%clk 0:58:06]}  Qd6 {[%clk 0:42:43]} 24. Bf3 {[%clk 0:53:01]}  Bg7 {[%clk 0:34:15]} 25. Nd3 {[%clk 0:52:39]}  Bd7 {[%clk 0:32:27]} 26. Bc5 {[%clk 0:52:12]}  Qc7 {[%clk 0:32:51]} 27. Ba3 {[%clk 0:48:32]}  Qb6 {[%clk 0:28:45]} 28. Nc5 {[%clk 0:43:47]}  Be8 {[%clk 0:20:13]} 29. Rxe6 {[%clk 0:42:42]}  Rxe6 {[%clk 0:19:25]} 30. Nxe6 {[%clk 0:42:39]}  b4 {[%clk 0:19:45]} 31. Nxg7 {[%clk 0:40:59]}  Kxg7 {[%clk 0:19:27]} 32. Qxd5 {[%clk 0:37:16]}  bxa3 {[%clk 0:14:16]} 33. b3 {[%clk 0:26:42]}  Rd8 {[%clk 0:11:25]} 34. Qe6 {[%clk 0:22:33]}  Qb5 {[%clk 0:06:28]} 35. h4 {[%clk 0:17:00]}  Bd7 {[%clk 0:02:09]} 36. Bxc6 {[%clk 0:15:53]}  Bxc6+ {[%clk 0:02:35]} 37. Qxc6 {[%clk 0:15:52]}  Rd1+ {[%clk 0:02:35]} 38. Kh2 {[%clk 0:05:31]}  Qe2+ {[%clk 0:02:37]} 39. Kh3 {[%clk 0:05:21]}  Qf1+ {[%clk 0:02:50]} 40. Kh2 {[%clk 0:00:37]}  Rd2+ {[%clk 0:03:09]} 0-1

[Event "45th FIDE Chess Olympiad Open"]
[Site "Budapest, Hungary"]
[Date "2024.09.21"]
[Round "10"]
[White "Wiedenkeller, Michael"]
[Black "Ferster, Fabian"]
[Result "0-1"]
[Board "185"]
[WhiteFideId "1700146"]
[BlackFideId "4695330"]
[WhiteTitle "IM"]
[WhiteElo "2406"]
[BlackElo "2184"]
[WhiteTeam "Luxembourg"]
[BlackTeam "Liechtenstein"]
[WhiteClock "0:01:43"]
[BlackClock "0:03:01"]
[Variant "Standard"]

1. d4 {[%clk 1:30:43]}  d5 {[%clk 1:30:55]} 2. c4 {[%clk 1:30:39]}  e6 {[%clk 1:31:20]} 3. Nf3 {[%clk 1:29:41]}  Nf6 {[%clk 1:31:43]} 4. g3 {[%clk 1:29:36]}  dxc4 {[%clk 1:31:38]} 5. Bg2 {[%clk 1:29:33]}  Bd7 {[%clk 1:30:55]} 6. Ne5 {[%clk 1:24:41]}  Bc6 {[%clk 1:30:52]} 7. Nxc6 {[%clk 1:22:51]}  Nxc6 {[%clk 1:31:12]} 8. O-O {[%clk 1:17:48]}  Qd7 {[%clk 1:31:34]} 9. e3 {[%clk 1:14:09]}  O-O-O {[%clk 1:31:54]} 10. Qf3 {[%clk 0:59:35]}  Nd5 {[%clk 1:17:22]} 11. Rd1 {[%clk 0:46:55]}  f5 {[%clk 1:17:21]} 12. Qe2 {[%clk 0:44:10]}  h5 {[%clk 1:16:04]} 13. Qxc4 {[%clk 0:41:15]}  h4 {[%clk 1:13:58]} 14. Nd2 {[%clk 0:38:43]}  hxg3 {[%clk 1:10:13]} 15. hxg3 {[%clk 0:39:04]}  g5 {[%clk 1:09:18]} 16. Nf1 {[%clk 0:35:10]}  Qf7 {[%clk 1:03:01]} 17. Qe2 {[%clk 0:25:19]}  Bd6 {[%clk 0:43:58]} 18. e4 {[%clk 0:21:29]}  fxe4 {[%clk 0:43:35]} 19. Bxe4 {[%clk 0:21:30]}  Qf6 {[%clk 0:29:17]} 20. Qf3 {[%clk 0:16:51]}  Nf4 {[%clk 0:23:02]} 21. Bxf4 {[%clk 0:13:45]}  gxf4 {[%clk 0:23:17]} 22. Bxc6 {[%clk 0:10:38]}  bxc6 {[%clk 0:23:36]} 23. Rac1 {[%clk 0:09:05]}  Qh6 {[%clk 0:21:36]} 24. Qg2 {[%clk 0:06:02]}  Rdf8 {[%clk 0:12:52]} 25. Rc3 {[%clk 0:06:17]}  Rf5 {[%clk 0:13:10]} 26. g4 {[%clk 0:04:24]}  Rg5 {[%clk 0:09:04]} 27. f3 {[%clk 0:03:06]}  e5 {[%clk 0:09:28]} 28. Qh2 {[%clk 0:01:13]}  Qxh2+ {[%clk 0:04:38]} 29. Nxh2 {[%clk 0:01:42]}  exd4 {[%clk 0:04:59]} 30. Rxc6 {[%clk 0:01:29]}  Bc5 {[%clk 0:02:59]} 31. Kg2 {[%clk 0:00:58]}  Re5 {[%clk 0:02:48]} 32. Rd2 {[%clk 0:00:54]}  d3 {[%clk 0:02:40]} 33. Rxd3 {[%clk 0:00:39]}  Re2+ {[%clk 0:02:20]} 34. Kf1 {[%clk 0:01:08]}  Rexh2 {[%clk 0:02:09]} 35. Rxc5 {[%clk 0:01:25]}  Rh1+ {[%clk 0:02:35]} 36. Kg2 {[%clk 0:01:43]}  R8h2# {[%clk 0:03:01]} 0-1

[Event "45th FIDE Chess Olympiad Open"]
[Site "Budapest, Hungary"]
[Date "2024.09.21"]
[Round "10"]
[White "Heron, Andrew"]
[Black "Berend, Fred"]
[Result "0-1"]
[Board "186"]
[WhiteFideId "12000213"]
[BlackFideId "4000102"]
[BlackTitle "IM"]
[WhiteElo "2026"]
[BlackElo "2230"]
[WhiteTeam "Liechtenstein"]
[BlackTeam "Luxembourg"]
[WhiteClock "0:14:21"]
[BlackClock "0:38:24"]
[Variant "Standard"]

1. e4 {[%clk 1:30:57]}  c5 {[%clk 1:30:56]} 2. Nf3 {[%clk 1:31:17]}  g6 {[%clk 1:31:21]} 3. c4 {[%clk 1:28:13]}  Bg7 {[%clk 1:31:42]} 4. d4 {[%clk 1:27:57]}  d6 {[%clk 1:29:47]} 5. Nc3 {[%clk 1:21:30]}  Bg4 {[%clk 1:28:19]} 6. dxc5 {[%clk 1:19:11]}  Bxf3 {[%clk 1:28:09]} 7. Qxf3 {[%clk 1:17:12]}  dxc5 {[%clk 1:27:21]} 8. Be2 {[%clk 1:11:33]}  Nc6 {[%clk 1:27:16]} 9. Bf4 {[%clk 1:08:47]}  Nd4 {[%clk 1:25:55]} 10. Qd3 {[%clk 1:06:40]}  e6 {[%clk 1:21:44]} 11. e5 {[%clk 0:57:43]}  Ne7 {[%clk 1:15:32]} 12. Bf3 {[%clk 0:55:40]}  Qc7 {[%clk 1:11:55]} 13. O-O {[%clk 0:52:11]}  Bxe5 {[%clk 1:08:04]} 14. Bxe5 {[%clk 0:47:29]}  Qxe5 {[%clk 1:08:24]} 15. Bxb7 {[%clk 0:46:14]}  Rb8 {[%clk 1:08:48]} 16. Rfe1 {[%clk 0:45:25]}  Qc7 {[%clk 1:02:21]} 17. Ba6 {[%clk 0:42:05]}  Rxb2 {[%clk 0:59:39]} 18. Bb5+ {[%clk 0:33:03]}  Nxb5 {[%clk 0:48:24]} 19. Nxb5 {[%clk 0:31:28]}  Qf4 {[%clk 0:48:15]} 20. Nd6+ {[%clk 0:31:14]}  Kf8 {[%clk 0:48:08]} 21. Ne4 {[%clk 0:31:27]}  Nc6 {[%clk 0:46:33]} 22. g3 {[%clk 0:27:25]}  Qe5 {[%clk 0:46:01]} 23. Ng5 {[%clk 0:22:36]}  Qf5 {[%clk 0:39:33]} 24. Qd6+ {[%clk 0:20:10]}  Kg7 {[%clk 0:39:17]} 25. f4 {[%clk 0:14:21]}  Qc2 {[%clk 0:38:24]} 0-1